00685nam a2200157Ia 4500008004100000100002500041245011100066245010300177260005300280260001800333300000800351650001500359856006100374999001900435952007300454170221s9999 xx 000 0 und d aDzhennet A. Durdyeva aAssessment and Analysis of Resource Approach to Formation of Strategic Potential of Economy of the Region  cDzhennet A. Durdyeva, Oleg L. Taran, Dmitry I. Aslanov, Natalya A. Bindasova, Mariyam I. Borlakova bInternational Review of Management and Marketing cFebruary 2015 a4:1 xMarketing. uhttp://www.econjournals.com/index.php/irmm/issue/view/70 c310022d310022 001040aCLbCLd2017-02-21l0r2017-02-21 00:00:00w2017-02-21yFOJ